El niño problema : (Record no. 211695)

MARC details
000 -CABECERA
campo de control de longitud fija 01018nam a22002897a 4500
003 - IDENTIFICADOR DEL NÚMERO DE CONTROL
campo de control MX-MxUPN
005 - FECHA Y HORA DE LA ÚLTIMA TRANSACCIÓN
campo de control 20240910132829.0
008 - ELEMENTOS DE LONGITUD FIJA--INFORMACIÓN GENERAL
campo de control de longitud fija 240829s2021 ag ||||fr|||| 00| 0 spa d
020 ## - NÚMERO INTERNACIONAL NORMALIZADO PARA LIBROS
Número Internacional Estándar del Libro 9788418095788
040 ## - FUENTE DE LA CATALOGACIÓN
Centro catalogador/agencia de origen MX-MxUPN
Lengua de catalogación spa
Centro/agencia transcriptor MX-MxUPN
041 ## - CÓDIGO DE IDIOMA
Código de lengua del texto/banda sonora o título independiente spa
050 #4 - SIGNATURA TOPOGRÁFICA DE LA BIBLIOTECA DEL CONGRESO
Número de clasificación LB1117
Número de documento/Ítem N64 2021
100 1# - ASIENTO PRINCIPAL--NOMBRE PERSONAL
9 (RLIN) 53502
Nombre de persona Nogueira, Guillermo Javier
245 13 - MENCIÓN DE TÍTULO
Título El niño problema :
Resto del título un desafio para padres, docentes y profesionales
250 ## - MENCIÓN DE EDICIÓN
Mención de edición Primera Edición
260 ## - PUBLICACIÓN, DISTRIBUCIÓN, ETC.
Lugar de publicación, distribución, etc. Buenos Aires ;
-- Barcelona :
Nombre del editor, distribuidor, etc. Miño y Dávila editores,
Fecha de publicación, distribución, etc. 2021.
300 ## - DESCRIPCIÓN FÍSICA
Extensión 301 páginas
490 0# - MENCIÓN DE SERIE
Mención de serie Colección retardo mental y educacion especial
504 ## - NOTA DE BIBLIOGRAFÍA, ETC.
Nota de bibliografía, etc. Incluye bibliografía.
650 #7 - ASIENTO SECUNDARIO DE MATERIA - TERMINO TEMATICO
9 (RLIN) 12088
Término de materia o nombre geográfico como elemento de entrada Niños problema
650 #4 - ASIENTO SECUNDARIO DE MATERIA - TERMINO TEMATICO
9 (RLIN) 51855
Término de materia o nombre geográfico como elemento de entrada Niños con problemas de aprendizaje
Subdivisión general Educación
650 #2 - ASIENTO SECUNDARIO DE MATERIA - TERMINO TEMATICO
9 (RLIN) 362
Término de materia o nombre geográfico como elemento de entrada Autismo
650 #0 - ASIENTO SECUNDARIO DE MATERIA - TERMINO TEMATICO
9 (RLIN) 53508
Término de materia o nombre geográfico como elemento de entrada Trastorno por déficit de atención con hiperactividad
902 ## - ELEMENTOS DE DATOS B LOCAL, LDB (RLIN)
Creó GCH290824
Modificó MaríaRobles/100924
942 ## - ELEMENTOS DE PUNTO DE ACCESO ADICIONAL (KOHA)
Fuente del sistema de clasificación o colocación Library of Congress Classification
Tipo de ítem Koha Libro
Suprimir en OPAC No
Holdings
Estado de retiro Estado de pérdida Fuente del sistema de clasificación o colocación Estado dañado No para préstamo Código de colección Localización permanente Ubicación/localización actual Ubicación en estantería Fecha de adquisición Total de préstamos Clasificación Código de barras En préstamo Fecha visto por última vez Fecha del último préstamo Precio válido a partir de Tipo de ítem Koha Número de copia
    Library of Congress Classification     Colección General Bib. Gregorio Torres Quintero Bib. Gregorio Torres Quintero Procesos técnicos 29/08/2024 4 LB1117 N64 2021 339870 21/04/2026 24/03/2026 24/03/2026 29/08/2024 Libro  
    Library of Congress Classification     Colección General Bib. Gregorio Torres Quintero Bib. Gregorio Torres Quintero Procesos técnicos 29/08/2024 1 LB1117 N64 2021 339871 27/10/2025 13/10/2025 13/10/2025 29/08/2024 Libro Ej.2
    Library of Congress Classification     Colección General Bib. Gregorio Torres Quintero Bib. Gregorio Torres Quintero Procesos técnicos 29/08/2024   LB1117 N64 2021 339872   29/08/2024   29/08/2024 Libro Ej.3